Fundamentos de antropología rural: antología /

Se profundiza en la explicación de actitudes, ideas, costumbres, aspiraciones y prácticas de vida de hombres y mujeres en el medio rural costarricense. Se realiza una introducción a la antropología y sus conceptos, y luego se plantea su aplicación mediante el reconocimiento del pluralismo cultural e...

全面介紹

Guardado en:
書目詳細資料
主要作者: Ramírez Azofeifa, José
格式: 未知
語言:Spanish
出版: Costa Rica : EUNED
主題:
標簽: 添加標簽
沒有標簽, 成為第一個標記此記錄!

MARC

LEADER 00000 a2200000 04500
001 40160
003 cru CIDCACS/IIS
005 20231213105838.0
008 050628s2006 cr spa d
020 |a 9977-64-795-X  
040 |c cru CIDCACS/IIS  |a cru CIDCACS/IIS 
090 |a AN05.01.01 R173f  
100 |a Ramírez Azofeifa, José  
245 |a Fundamentos de antropología rural:   |b antología /   |c José Ramírez Azofeifa  
260 |a Costa Rica :   |b EUNED  
300 |a 418 páginas: tablas, gráficos  
520 |a Se profundiza en la explicación de actitudes, ideas, costumbres, aspiraciones y prácticas de vida de hombres y mujeres en el medio rural costarricense. Se realiza una introducción a la antropología y sus conceptos, y luego se plantea su aplicación mediante el reconocimiento del pluralismo cultural en Costa Rica y América Latina. Luego se aborda el medio rural y los elementos económico-productivos y políticos estructurales que afectan la vida y el desarrollo cultural de la población rural costarricense.  
590 |a EFU/OCTUBRE2011  
650 |a ANTROPOLOGIA  
650 |a TEORIA  
650 |a ECONOMIA RURAL  
650 |a CAMPESINOS  
650 |a COSTA RICA  
650 |a PLURALISMO CULTURAL  
942 |2 z  |c LI  |h AN05.01.01 R173f   |i 07420  |6 AN050101_R173F_07420 
999 |c 10823  |d 10823